Fatto fiscale e fatto penale parallelismi e convergenze

Detalles Bibliográficos
Autor principal: Perrone, Antonio
Formato: Desconocido
Lenguaje:italiano
Publicado: Bari : Cacucci Editore, 2012
Materias:
Acceso en línea:http://www.vlex.com/source/11216

MARC

LEADER 00000 a2200000 4500
005 20130502160422.0
007 cr|||| ||||
008 130502e2012 it |||||s|||| 00||0 ita d
020 |a 9788866112143 
035 |a 11216 
040 |a vLex 
090 |c 4245  |d 4245 
100 1 0 |a Perrone, Antonio  
245 1 0 |a Fatto fiscale e fatto penale  |b parallelismi e convergenze  |c / Antonio Perrone   |h [Recurso electrn̤ico] 
256 |a Servicio en ln̕ea 
260 |a Bari :  |b Cacucci Editore,   |c 2012 
300 |a 1 Recurso electrn̤ico 
506 |d vLex Global  |d vLex Global (Academic Edition, excluding Law Schools)  |d vLex Global (U.S. Academic Edition, Law Schools)  |d vLex Global (U.S. Academic Edition, excluding Law Schools)  |d vLex Global (Academic Edition, Law Schools) 
650 0 4 |a Derecho penal  |z Italia 
650 0 4 |a Derecho tributario   |z Italia 
650 0 4 |a Fraude fiscal  |z Italia 
650 0 4 |a Delitos fiscales  |z Italia 
740 |a vLex Libros (Servicio en ln̕ea) 
856 |a Acceso restringido  |u http://www.vlex.com/source/11216 
942 |c BOOK 
999 0 |a Criminal law